000
00308nam a2200133Ia 4500
008
191201s2013 xx 000 0 und d
100
_a
DHAMEJA,Suresh K
245
0
_a
Environmental Studies
250
_a
Rejp
260
_a
N. delhi
_b
SK kataria
_c
2013
300
_a
406
650
_a
Applied
942
_2
ddc
_c
BK
_0
1
999
_c
81
_d
81